Autrement Collection Mémoires Collection Mémoires

Bibliographische Detailangaben
Vorheriger Titel:Série Mémoires
Format: Schriftenreihe
Sprache:French
Veröffentlicht: Paris : Ed. Autrement, 1996-
Zugriff auf das übergeordnete Werk:Autrement
LEADER 01000cas a2200265 c 4500
001 486185052
003 DE-627
005 20260207123706.0
007 tu
008 050511c19969999fr z| m| 0 |0fre c
015 |a 07,A48,2519  |2 dnb 
016 7 |a 027442233  |2 DE-101 
016 7 |a 2187202-8  |2 DE-600 
022 |a 1157-4488 
035 |a (DE-627)486185052 
035 |a (DE-576)02525703X 
035 |a (DE-599)ZDB2187202-8 
035 |a (OCoLC)722504803 
040 |a DE-627  |b ger  |c DE-627  |e rakwb 
041 |a fre 
044 |c XA-FR 
082 0 4 |a 900  |q DE-101 
082 0 4 |a 050  |q DE-600 
084 |a 6,23  |2 ssgn 
245 0 0 |a Autrement  |p Collection Mémoires 
246 1 |i Ansetzungssachtitel  |a Autrement / Collection Mémoires 
246 3 3 |a Editions Autrement / Collection Mémoires 
247 1 0 |a Editions Autrement  |f Hauptsacht. teils 
264 3 1 |a Paris  |b Ed. Autrement  |c 1996- 
336 |a Text  |b txt  |2 rdacontent 
337 |a ohne Hilfsmittel zu benutzen  |b n  |2 rdamedia 
338 |a Band  |b nc  |2 rdacarrier 
362 0 |a 40.1996 - 
363 0 1 |i 1996 
505 8 |a Das Gesamtwerk gliedert sich teils in ungez. Unterreihen 
515 |a Ersch. unregelmäßig 
655 7 |a Monografische Reihe  |0 (DE-588)4179998-7  |0 (DE-627)104628669  |0 (DE-576)209995106  |2 gnd-content 
780 0 0 |i Vorg.  |t Série Mémoires  |d Paris : Ed. Autrement, 1990  |w (DE-627)170929051  |w (DE-600)1128554-0  |w (DE-576)489554342 
889 |w (DE-603)018317758 
889 |w (DE-627)1871380170 
912 |a GBV_ILN_11 
912 |a ISIL_DE-1a 
912 |a SYSFLAG_1 
912 |a GBV_KXP 
912 |a SSG-OPC-VOR 
912 |a GBV_ILN_21 
912 |a ISIL_DE-46 
912 |a GBV_ILN_22 
912 |a ISIL_DE-18 
912 |a GBV_ILN_22_i30908 
912 |a GBV_ILN_22_i31308 
912 |a GBV_ILN_24 
912 |a ISIL_DE-8 
912 |a GBV_ILN_24_f040 
912 |a GBV_ILN_31 
912 |a ISIL_DE-27 
912 |a GBV_ILN_39 
912 |a ISIL_DE-547 
912 |a GBV_ILN_40 
912 |a ISIL_DE-7 
912 |a GBV_ILN_40_i053 
912 |a GBV_ILN_40_i024 
912 |a GBV_ILN_50 
912 |a ISIL_DE-23 
912 |a GBV_ILN_60 
912 |a ISIL_DE-705 
912 |a GBV_ILN_61 
912 |a ISIL_DE-32 
912 |a GBV_ILN_62 
912 |a ISIL_DE-28 
912 |a GBV_ILN_65 
912 |a ISIL_DE-3 
912 |a GBV_ILN_69 
912 |a ISIL_DE-9 
912 |a GBV_ILN_70 
912 |a ISIL_DE-89 
912 |a GBV_ILN_72 
912 |a ISIL_DE-35 
912 |a GBV_ILN_130 
912 |a ISIL_DE-700 
912 |a GBV_ILN_181 
912 |a GBV_ILN_181_b130 
912 |a GBV_ILN_203 
912 |a GBV_ILN_203_m36609 
912 |a GBV_ILN_216 
912 |a ISIL_DE-Bs78 
912 |a GBV_ILN_267 
912 |a ISIL_DE-101 
912 |a GBV_ILN_350 
912 |a ISIL_DE-2795 
912 |a GBV_ILN_350_ 
912 |a GBV_ILN_635 
912 |a ISIL_DE-B2138 
912 |a GBV_ILN_813 
912 |a ISIL_DE-Mue73 
912 |a GBV_ILN_2001 
912 |a ISIL_DE-21 
912 |a GBV_ILN_2002 
912 |a ISIL_DE-21-108 
912 |a ISIL_DE-21-11 
912 |a ISIL_DE-21-32c 
912 |a ISIL_DE-21-106 
912 |a GBV_ILN_2003 
912 |a ISIL_DE-25 
912 |a GBV_ILN_2004 
912 |a ISIL_DE-25-14 
912 |a ISIL_DE-25-23 
912 |a ISIL_DE-25-29 
912 |a ISIL_DE-25-31b 
912 |a GBV_ILN_2005 
912 |a ISIL_DE-291 
912 |a ISIL_DE-291-313 
912 |a ISIL_DE-291-307 
912 |a ISIL_DE-291-306 
912 |a ISIL_DE-291-819 
912 |a GBV_ILN_2006 
912 |a ISIL_DE-14 
912 |a GBV_ILN_2007 
912 |a ISIL_DE-352 
912 |a GBV_ILN_2008 
912 |a ISIL_DE-24 
912 |a GBV_ILN_2009 
912 |a ISIL_DE-180 
912 |a GBV_ILN_2010 
912 |a ISIL_DE-15 
912 |a GBV_ILN_2011 
912 |a ISIL_DE-16 
912 |a GBV_ILN_2012 
912 |a ISIL_DE-16-46 
912 |a ISIL_DE-16-28 
912 |a ISIL_DE-16-143 
912 |a ISIL_DE-16-77 
912 |a ISIL_DE-16-122 
912 |a GBV_ILN_2016 
912 |a ISIL_DE-93-94 
912 |a GBV_ILN_2018 
912 |a ISIL_DE-31 
912 |a GBV_ILN_2020 
912 |a ISIL_DE-Ch1 
912 |a GBV_ILN_2030 
912 |a ISIL_DE-77-XXX 
912 |a GBV_ILN_2041 
912 |a ISIL_DE-Frei85 
912 |a GBV_ILN_2042 
912 |a ISIL_DE-M504237 
912 |a ISIL_DE-M504244 
912 |a ISIL_DE-M504117 
912 |a ISIL_DE-M504119 
912 |a ISIL_DE-M504120 
912 |a ISIL_DE-M504224 
912 |a GBV_ILN_2056 
912 |a ISIL_DE-2491 
912 |a GBV_ILN_2085 
912 |a ISIL_DE-180-4,2 
912 |a GBV_ILN_2092 
912 |a ISIL_DE-L228 
912 |a GBV_ILN_2216 
912 |a ISIL_DE-He204 
912 |a GBV_ILN_2315 
912 |a ISIL_DE-185 
935 |a mteo 
935 |i sdedup20221111 
936 s n |a n100  |2 mzub 
951 |a ST 
980 |2 11  |1 01  |x 0001  |b 364811315  |y x  |z 01-01-71 
980 |2 21  |1 01  |x 0046  |b 59770757X  |y xza  |z 09-04-03 
980 |2 22  |1 01  |x 0018  |b 603929974  |y xu  |z 10-06-03 
980 |2 22  |1 02  |x 0018  |b 841696438  |y xi30908  |z 26-10-07 
980 |2 22  |1 03  |x 0018  |b 4234073229  |y xi31308  |z 16-12-22 
980 |2 24  |1 01  |x 0008  |b 633315540  |c 00  |f 16  |d Einzelsignaturen  |e u  |j --%%--  |g Bestand: Einzelbandnachweis  |h hb  |y zz1  |z 06-02-04 
980 |2 24  |1 02  |x 0008  |b 225436426  |c 00  |f 8/40  |d Einzelsignaturen  |e i  |j --%%--  |h ha  |y zf040  |z 17-01-97 
980 |2 31  |1 01  |x 0027  |b 716938413  |y x  |z 25-04-05 
980 |2 39  |1 01  |x 0547  |b 551693983  |y xe  |z 04-04-02 
980 |2 40  |1 01  |x 0007  |b 736871101  |y xsn  |z 19-09-05 
980 |2 40  |1 02  |x 0007  |b 751342432  |c 00  |f BBK-HIST  |d Einzelsign.  |e i  |j --%%--  |y xi053  |z 13-01-06 
980 |2 40  |1 03  |x 0007  |b 1391040376  |y xi024  |z 21-05-13 
980 |2 50  |1 01  |x 0023  |b 838621457  |y x  |z 05-10-07 
980 |2 60  |1 01  |x 0705  |b 720527813  |y x  |z 19-05-05 
980 |2 61  |1 01  |x 0032  |b 629313113  |y x  |z 07-01-04 
980 |2 62  |1 01  |x 0028  |b 1279653248  |y x  |z 29-11-11 
980 |2 65  |1 01  |x 0003  |b 344987752  |y x  |z 25-06-99 
980 |2 69  |1 01  |x 0009  |b 640896073  |y x  |z 26-03-04 
980 |2 70  |1 01  |x 0089  |b 867350121  |c 00  |f --%%--  |d RS 7805  |e u  |j --%%--  |y b  |z 23-10-08 
980 |2 70  |1 02  |x 0089  |b 723245541  |y xcl  |z 07-06-05 
980 |2 70  |1 03  |x 0089  |b 76360562X  |y xsa  |z 05-05-06 
980 |2 72  |1 01  |x 0035  |b 245152113  |y xz  |z 30-06-97 
980 |2 130  |1 01  |x 0700  |b 639012744  |y xb  |z 12-03-04 
980 |2 181  |1 01  |x 3181  |b 636501299  |y xb130  |z 26-02-04 
980 |2 203  |1 01  |x 3522  |b 891210954  |y xm36609  |z 01-05-08 
980 |2 216  |1 01  |x 3708  |b 1165029618  |y xwh  |z 04-06-10 
980 |2 267  |1 01  |x 0101  |b 3451031353  |c 00  |f 101a  |d --%%--  |e --%%--  |j --%%--  |g Bestand: . - Bestand s. Katalog  |y b1  |z 23-10-07 
980 |2 350  |1 01  |x 8293  |b 83133715X  |y x  |z 21-08-07 
980 |2 635  |1 01  |x 3635  |b 1364541912  |y x  |z 13-02-13 
980 |2 813  |1 01  |x 4813  |b 4419155914  |y n  |z 07-11-19 
980 |2 2001  |1 01  |x DE-21  |b 2169860355  |c 00  |f --%%--  |d --%%--  |e --%%--  |j --%%--  |y l01  |z 13-08-91 
980 |2 2002  |1 12  |x DE-21-108  |b 2169860371  |c 00  |f --%%--  |d --%%--  |e p  |j l  |y l01  |z 05-09-94 
980 |2 2002  |1 23  |x DE-21-11  |b 216986038X  |c 00  |f --%%--  |d --%%--  |e p  |j --%%--  |y l01  |z 25-08-05 
980 |2 2002  |1 34  |x DE-21-32c  |b 2610322550  |c 00  |f --%%--  |d --%%--  |e p  |j --%%--  |y l01  |z 22-09-09 
980 |2 2002  |1 45  |x DE-21-106  |b 2626930202  |c 00  |f --%%--  |d --%%--  |e p  |j --%%--  |y l01  |z 03-03-10 
980 |2 2003  |1 01  |x DE-25  |b 2169860118  |c 00  |f --%%--  |d --%%--  |e --%%--  |j --%%--  |y l01  |z 29-08-91 
980 |2 2004  |1 01  |x DE-25-14  |b 2169860053  |c 00  |f --%%--  |d --%%--  |e p  |j --%%--  |y l01  |z 16-04-04 
980 |2 2004  |1 12  |x DE-25-23  |b 2169860061  |c 00  |f --%%--  |d Frei 23: verschiedene Signaturen  |e p  |j --%%--  |y l01  |z 11-01-96 
980 |2 2004  |1 23  |x DE-25-29  |b 216986007X  |c 00  |f --%%--  |d Frei 29:  |e p  |j --%%--  |y l01  |z 13-01-94 
980 |2 2004  |1 34  |x DE-25-31b  |b 2169860088  |c 00  |f --%%--  |d --%%--  |e p  |j --%%--  |y l01  |z 12-03-03 
980 |2 2005  |1 01  |x DE-291  |b 2169860339  |c 00  |f --%%--  |d --%%--  |e --%%--  |j --%%--  |y l01  |z 06-06-00 
980 |2 2005  |1 12  |x DE-291-313  |b 2169860347  |c 00  |f --%%--  |d --%%--  |e p  |j --%%--  |y l01  |z 25-01-99 
980 |2 2005  |1 23  |x DE-291-307  |b 2554262705  |c 00  |f --%%--  |d --%%--  |e --%%--  |j --%%--  |y l01  |z 26-10-07 
980 |2 2005  |1 24  |x DE-291-306  |b 3037547081  |c 00  |f --%%--  |d --%%--  |e --%%--  |j --%%--  |y l01  |z 11-12-18 
980 |2 2005  |1 25  |x DE-291-819  |b 3037583762  |c 00  |f --%%--  |d --%%--  |e p  |j --%%--  |y l01  |z 11-12-18 
980 |2 2006  |1 01  |x DE-14  |b 2169860045  |c 00  |f --%%--  |d --%%--  |e --%%--  |j --%%--  |y l01  |z 24-05-96 
980 |2 2007  |1 01  |x DE-352  |b 2169860266  |c 00  |f --%%--  |d --%%--  |e --%%--  |j --%%--  |y l01  |z 19-03-93 
980 |2 2008  |1 01  |x DE-24  |b 2169860312  |c 00  |f --%%--  |d --%%--  |e --%%--  |j --%%--  |y l01  |z 16-02-93 
980 |2 2009  |1 02  |x DE-180  |b 2971530469  |c 00  |f --%%--  |d --%%--  |e --%%--  |j --%%--  |y l01  |z 09-06-17 
980 |2 2009  |1 03  |x DE-180  |b 2971530531  |c 00  |f 300  |d --%%--  |e --%%--  |j n  |y l01  |z 09-06-17 
980 |2 2009  |1 04  |x DE-180  |b 2971531015  |c 00  |f 500  |d --%%--  |e --%%--  |j n  |y l01  |z 09-06-17 
980 |2 2010  |1 01  |x DE-15  |b 2169860274  |c 00  |f --%%--  |d --%%--  |e --%%--  |j --%%--  |y l01  |z 25-09-97 
980 |2 2011  |1 01  |x DE-16  |b 216986024X  |c 00  |f --%%--  |d --%%--  |e --%%--  |j --%%--  |y l01  |z 16-08-91 
980 |2 2012  |1 01  |x DE-16-46  |b 2169860142  |c 00  |f --%%--  |d --%%--  |e p  |j --%%--  |y l01  |z 30-07-96 
980 |2 2012  |1 13  |x DE-16-28  |b 2169860169  |c 00  |f --%%--  |d --%%--  |e --%%--  |j --%%--  |y l01  |z 19-09-03 
980 |2 2012  |1 37  |x DE-16-143  |b 2169860207  |c 00  |f --%%--  |d --%%--  |e --%%--  |j --%%--  |y l01  |z 24-07-03 
980 |2 2012  |1 61  |x DE-16-77  |b 2518177086  |c 00  |f --%%--  |d --%%--  |e --%%--  |j --%%--  |y l01  |z 16-10-06 
980 |2 2012  |1 72  |x DE-16-122  |b 2648954317  |c 00  |f --%%--  |d --%%--  |e --%%--  |j --%%--  |y l01  |z 24-09-10 
980 |2 2016  |1 01  |x DE-93-94  |b 2169860320  |c 00  |f --%%--  |d Einzelsignatur  |e p  |j --%%--  |k Bestand unvollständig, siehe auch Einzelbände / lp  |y l01  |z 12-03-02 
980 |2 2018  |1 01  |x DE-31  |b 251871992X  |c 00  |f --%%--  |d --%%--  |e --%%--  |j --%%--  |y l01  |z 23-10-06 
980 |2 2018  |1 02  |x DE-31  |b 3914444592  |c 00  |f --%%--  |d --%%--  |e --%%--  |j l  |g Bestand: 106.2004. - Einzelnachweis <106 A 10384>  |y z01  |z 31-07-07 
980 |2 2020  |1 01  |x DE-Ch1  |b 2169860037  |c 00  |f --%%--  |d --%%--  |e --%%--  |j --%%--  |y l01  |z 01-08-01 
980 |2 2030  |1 01  |x DE-77-XXX  |b 4909964029  |c 00  |f --%%--  |d --%%--  |e --%%--  |j l  |y l01  |z 21-02-97 
980 |2 2041  |1 01  |x DE-Frei85  |b 216986010X  |c 00  |f --%%--  |d --%%--  |e p  |j --%%--  |y l01  |z 17-10-01 
980 |2 2042  |1 01  |x DE-M504237  |b 3049506490  |c 00  |f --%%--  |d --%%--  |e --%%--  |j n  |y l01  |z 28-01-19 
980 |2 2042  |1 02  |x DE-M504244  |b 3050600624  |c 00  |f --%%--  |d --%%--  |e --%%--  |j n  |y l01  |z 29-01-19 
980 |2 2042  |1 03  |x DE-M504117  |b 3053229064  |c 00  |f --%%--  |d --%%--  |e --%%--  |j n  |y l01  |z 01-02-19 
980 |2 2042  |1 04  |x DE-M504119  |b 3053288524  |c 00  |f --%%--  |d --%%--  |e --%%--  |j n  |y l01  |z 01-02-19 
980 |2 2042  |1 05  |x DE-M504120  |b 3053425718  |c 00  |f --%%--  |d --%%--  |e --%%--  |j n  |y l01  |z 01-02-19 
980 |2 2042  |1 06  |x DE-M504224  |b 4283548502  |c 00  |f --%%--  |d --%%--  |e --%%--  |j n  |y l01  |z 05-03-23 
980 |2 2056  |1 01  |x DE-2491  |b 3808274204  |c 00  |f --%%--  |d --%%--  |e --%%--  |j n  |y l01  |z 23-07-20 
980 |2 2085  |1 01  |x DE-180-4,2  |b 2169860282  |c 00  |f --%%--  |d --%%--  |e p  |j --%%--  |y l01  |z 16-08-02 
980 |2 2092  |1 01  |x DE-L228  |b 2862295779  |c 00  |f --%%--  |d $d  |e --%%--  |j --%%--  |y l01  |z 03-09-15 
980 |2 2216  |1 01  |x DE-He204  |b 2169860126  |c 00  |f --%%--  |d --%%--  |e p  |j --%%--  |y l01  |z 13-06-01 
980 |2 2315  |1 01  |x DE-185  |b 2607164249  |c 00  |f --%%--  |d 2009 B 0466  |e --%%--  |j --%%--  |y l01  |z 03-08-09 
984 |2 2012  |1 61  |x DE-16-77  |a 451792823 
984 |2 2012  |1 72  |x DE-16-122  |a 630922297 
985 |2 267  |1 01  |x 0101  |a L-1996-13226076X 
987 |2 70  |1 01  |x 0089  |a @Einzelbandnachweis 
987 |2 2018  |1 02  |x DE-31  |d 106  |j 2004 
995 |2 24  |1 01  |x 0008  |a hb 
995 |2 24  |1 02  |x 0008  |a ha